Statistics for Countries by Recognition with the United States

Click here to take the quiz!

General Stats

  • This quiz has been taken 12 times
  • The average score is 59 of 242

Answer Stats

DateCountry% Correct
February 6, 1778France
91%
April 19, 1782Netherlands
73%
February 20, 1783Spain
64%
December 25, 1991Armenia
55%
December 25, 1991Azerbaijan
55%
April 7, 1992Bosnia and Herzegovina
55%
April 7, 1992Croatia
55%
September 2, 1991Estonia
55%
March 24, 1992Georgia
55%
December 25, 1991Kazakhstan
55%
February 18, 2008Kosovo
55%
December 25, 1991Kyrgyzstan
55%
September 2, 1991Latvia
55%
September 2, 1991Lithuania
55%
December 25, 1991Moldova
55%
June 13, 2006Montenegro
55%
December 25, 1991Russia
55%
April 7, 1992Slovenia
55%
July 9, 2011South Sudan
55%
December 25, 1991Tajikistan
55%
December 25, 1991Turkmenistan
55%
September 3, 1783United Kingdom
55%
December 25, 1991Uzbekistan
55%
December 25, 1991Belarus
45%
January 1, 1993Czechia
45%
June 23, 1786Morocco
45%
September 27, 1994Palau
45%
January 1, 1993Slovakia
45%
April 3, 1783Sweden
45%
December 25, 1991Ukraine
45%
July 25, 1922Albania
36%
August 24, 1921Austria
36%
1797*Austria-Hungary
36%
September 3, 1918*Czechoslovakia
36%
November 3, 1986Federated States of Micronesia
36%
June 1, 1872Germany
36%
August 29, 1921Hungary
36%
May 14, 1948Israel
36%
September 20, 1979Kiribati
36%
February 9, 1994Macedonia
36%
March 21, 1990Namibia
36%
December 15, 1784*Papal States
36%
January 22, 1919Poland
36%
September 18, 1785*Prussia
36%
October 28, 1803Russia
36%
September 19, 1983Saint Christopher and Nevis
36%
May 17, 1979Saint Lucia
36%
November 23, 1981Saint Vincent and the Grenadines
36%
May 20, 2002Timor-Leste
36%
April 18, 1980Zimbabwe
36%
November 1, 1981Antigua and Barbuda
27%
January 8, 1940Australia
27%
May 26, 1824Brazil
27%
July 1, 1962Burundi
27%
July 5, 1975Cabo Verde
27%
February 18, 1927Canada
27%
August 13, 1960Central African Republic
27%
August 11, 1960Chad
27%
August 15, 1977Comoros
27%
August 7, 1960Cote d’Ivoire
27%
August 1, 1960Dahomey
27%
January 27, 1823
Buenos Ayres
27%
July 28, 1922*
Latvia
27%
November 3, 1978Dominica
27%
April 27, 1993Eritrea
27%
July 28, 1922*Estonia
27%
May 7, 1919Finland
27%
August 17, 1960Gabon
27%
March 6, 1957Ghana
27%
February 29, 1974Grenada
27%
November 1, 1958Guinea
27%
August 15, 1947India
27%
January 9, 1930Iraq
27%
June 28, 1924Irish Free State
27%
April 11, 1861Italy
27%
August 16, 1962Jamaica
27%
February 10, 1919*Kingdom of the Serbs, Croats, and Slovenes
27%
July 28, 1922*Lithuania
27%
August 31, 1957Malaysia
27%
August 10, 1965Maldives
27%
June 20, 1960Mali
27%
October 21, 1986Marshall Islands
27%
March 12, 1968Mauritius
27%
December 12, 1822Mexico
27%
October 24, 1976Nauru
27%
February 16, 1942New Zealand
27%
August 3, 1960Niger
27%
August 15, 1947Pakistan
27%
September 16, 1975Papua New Guinea
27%
July 4, 1946Philippines
27%
May 13, 1791Portugal
27%
August 15, 1960Republic of the Congo
27%
June 30, 1960Republic of the Congo
27%
July 1, 1962Rwanda
27%
May 7, 1861San Marino
27%
July 12, 1975Sao Tome and Principe
27%
September 24, 1960Senegal
27%
June 29, 1976Seychelles
27%
August 11, 1965Singapore
27%
July 1, 1960Somalia
27%
November 16, 1933*Soviet Union
27%
December 9, 1961*Tanganyika
27%
26 April 1964Tanzania
27%
April 27, 1960Togo
27%
August 31, 1962Trinidad and Tobago
27%
February 17, 1927Turkey
27%
October 1, 1978Tuvalu
27%
August 5, 1960Upper Volta
27%
July 30, 1980Vanuatu
27%
November 12, 2000Yugoslavia
27%
October 24, 1964Zambia
27%
July 26, 1921Afghanistan
18%
July 3, 1962Algeria
18%
February 21, 1995Andorra
18%
May 19, 1993Angola
18%
July 13, 1832*Baden
18%
July 10, 1973Bahamas
18%
August 15, 1971Bahrain
18%
April 4, 1972Bangladesh
18%
November 30, 1966Barbados
18%
January 6, 1832Belgium
18%
October 29, 1981Belize
18%
May 30, 1848Bolivia
18%
1850Brunei
18%
May 3, 1909Bulgaria
18%
January 4, 1948Burma
18%
February 7, 1950Cambodia
18%
January 1, 1960Cameroon
18%
August 4, 1824*Central American Federation
18%
February 4, 1948Ceylon
18%
January 27, 1823Chile
18%
June 16, 1844China
18%
June 19, 1822Colombia
18%
April 24, 1849Costa Rica
18%
May 19, 1902Cuba
18%
June 9, 1792Denmark
18%
June 27, 1977Djibouti
18%
September 17, 1866Dominican Republic
18%
June 4, 1832Ecuador
18%
April 26, 1922Egypt
18%
October 28, 1968Equatorial Guinea
18%
December 27, 1903Ethiopia
18%
October 10, 1970Fiji
18%
June 27, 1837Greece
18%
April 5, 1844Guatemala
18%
September 10, 1974Guinea-Bissau
18%
May 26, 1966Guyana
18%
July 12, 1862Hayti
18%
May 1, 1931Hejaz and Nejd
18%
January 10, 1984Holy See
18%
April 19, 1853Honduras
18%
June 17, 1944Iceland
18%
December 28, 1949Indonesia
18%
March 31, 1854Japan
18%
December 12, 1963Kenya
18%
June 19, 1961Kuwait
18%
February 7, 1950Laos
18%
September 8, 1944Lebanon
18%
October 4, 1966Lesotho
18%
September 23, 1862Liberia
18%
1926Liechtenstein
18%
May 31, 1878Luxembourg
18%
June 25, 1960Madagascar
18%
July 6, 1964Malawi
18%
November 28, 1960Mauritania
18%
May 1866Monaco
18%
June 25, 1975Mozambique
18%
April 21, 1947Nepal
18%
December 24, 1849Nicaragua
18%
October 1, 1960Nigeria
18%
December 19, 1962*North Yemen
18%
October 30, 1905Norway
18%
February 11, 1830*Ottoman Empire
18%
November 6, 1903Panama
18%
April 27, 1852Paraguay
18%
June 28, 1850Persia
18%
May 2, 1826Peru
18%
September 5, 1971Qatar
18%
March 25, 1949Republic of Korea
18%
April 7, 1881Romania
18%
May 1, 1849Salvador
18%
January 1, 1962Samoa
18%
October 14, 1881Serbia
18%
March 20, 1833Siam
18%
April 27, 1961Sierra Leone
18%
July 7, 1978Solomon Islands
18%
November 5, 1929South Africa
18%
January 1, 1956Sudan
18%
November 25, 1975Suriname
18%
September 6, 1968Swaziland
18%
November 30, 1829Switzerland
18%
September 8, 1944Syria
18%
February 18, 1965The Gambia
18%
October 2, 1886Tonga
18%
January 31, 1949Transjordan
18%
November 4, 1796*Tripoli
18%
Mid-1795*Tunis
18%
October 9, 1962Uganda
18%
December 2, 1971United Arab Emirates
18%
January 25, 1836Uruguay
18%
February 28, 1835Venezuela
18%
February 7, 1950Vietnam
18%
May 22, 1990Yemen
18%
July 4, 1833*Bavaria
9%
September 30, 1966Botswana
9%
May 28, 1794*Bremen
9%
April 5, 1848*Brunswick and Lüneburg
9%
August 16, 1960Cyprus
9%
October 25, 1791*Genoa
9%
July 8, 1848*Germany
9%
June 17, 1790*Hamburg
9%
January 8, 1830*Hanover
9%
May 20, 1883*Korea
9%
September 18, 1964Malta
9%
January 27, 1987Mongolia
9%
March 3, 1905*Montenegro
9%
May 20, 1796*Naples
9%
December 22, 1871*Orange Free State
9%
June 1850*Parma
9%
December 7, 1967*South Yemen
9%
March 3, 1837*Texas
9%
May 29, 1794*Tuscany
9%
November 21, 1825*Württemberg
9%
March 4, 1946*Yemen
9%
September 5, 1795*Algiers
0%
April 23, 1920*Armenia
0%
September 4, 1974*East Germany
0%
December 23, 1826*Hawaii
0%
May 14, 1829*Hesse
0%
September 11, 1885*Independent State of Congo
0%
July 11, 1854*Lew Chew
0%
August 6, 1824*Lübeck
0%
February 13, 1866*Madagascar
0%
January 22, 1816*Mecklenburg-Schwerin
0%
December 2, 1853*Mecklenburg-Strelitz
0%
May 27, 1846*Nassau
0%
December 9, 1867*North German Union
0%
December 2, 1829*Oldenburg
0%
September 21, 1833Oman
0%
March 16, 1837*Peru-Bolivian Confederation
0%
1802*Piedmont-Sardinia
0%
June 7, 1854*Schaumburg-Lippe
0%

Score Distribution

Percentile by Number Answered

Percent of People with Each Score

Your Score History

You have not taken this quiz